LA REVOLUCION CUBANA/

INDICE

Bewaard in:
Bibliografische gegevens
Hoofdauteur: Castro Ruz, Fidel (autor)
Formaat: Boek
Editie:5a edición
Reeks:EL HOMBRE Y SU TIEMPO
Onderwerpen:
Tags: Voeg label toe
Geen labels, Wees de eerste die dit record labelt!

MARC

LEADER 00000nam^a2200000^a^4500
001 000224389
005 20250521000000.0
009 20260310104048.306
035 |a 042605 
037 |a Acervo Xavier Clavigero 
082 |a 320. 97291  |b CAS 
100 |a Castro Ruz, Fidel  |e (autor) 
245 1 3 |a LA REVOLUCION CUBANA/  |c FIDEL CASTRO 
250 |a 5a edición 
264 |a MEXICO :  |b ERA,  |c 1983 
300 |a 636p. 
336 |a texto  |b txt  |2 rdacontenido 
337 |a sin mediación  |b n  |2 rdamedio 
338 |a volumen  |b nc  |2 rdasoporte 
440 |a EL HOMBRE Y SU TIEMPO 
520 |a INDICE 
649 |a XX 
650 |a CUBA -  |x POLIITCA Y GOBIERNO 
650 |a Cuba -  |x Historia -  |y 1953-1959 
650 |a Cuba -  |x Historia -  |y 1959-2006 
650 |a REVOLUCIONES -  |x CUBA 
910 |a Fondo General 
920 |a Impresos - Libros 
930 |a Colección General 
905 |a 101 
901 |a 042605  |b IT1  |c ACC  |i 042605  |u 20250521 
902 |a https://opac.biblio.iteso.mx/vufind/Record/000224389